000 00722nam a2200241Ia 4500
003 OSt
005 20220925215348.0
006 a|||||r|||| 00| 0
007 ta
008 220923b |||||||| |||| 00| 0 eng d
020 _a0006531237
037 _cGeneral Book
040 _aRTL
_cRTL
_beng
041 _2eng
_aeng
082 _aU.2.N, P0
100 _aKeay John
_914466
245 0 _aGreat ARC
_b The dramatic tale of bow India was mapped of how India was mapped and everest was named
260 _aLondon
_bHerper Collins Publicaitons UK
_c2000
300 _axxi,182p.
_ccm.
650 _aIndia Geography
_9170575
942 _hU.2.N, P0
_cGB
_2CC
999 _c568604
_d568604